[Event "Oberliga Ost-B 1314"]
[Site "Germany"]
[Date "2014.03.16"]
[Round "9.8"]
[White "Escher, Helmut"]
[Black "Birke, Andreas"]
[Result "1-0"]
[WhiteElo "2120"]
[BlackElo "2207"]
[PlyCount "123"]
[EventDate "2013.10.13"]
[EventType "team-tourn"]
[EventRounds "11"]
[EventCountry "GER"]
[SourceTitle "EXT 2015"]
[Source "ChessBase"]
[SourceDate "2014.11.20"]
[SourceVersion "1"]
[SourceVersionDate "2014.11.20"]
[SourceQuality "1"]
[WhiteTeam "Oberursel"]
[BlackTeam "Liebschwitz"]
[WhiteTeamCountry "GER"]
[BlackTeamCountry "GER"]

1. Nf3 c5 2. c4 Nc6 3. Nc3 g6 4. g3 Bg7 5. Bg2 d6 6. 0-0 h5 7. d3 Nh6 8. Rb1 Nf5 9. e4 Nfd4 10. Nxd4 Nxd4 11. h3 Bd7 12. Ne2 Rb8 13. Nxd4 cxd4 14. a4 a5 15. b3 Bc6 16. Qe2 0-0 17. Bd2 e6 18. f4 d5 19. cxd5 exd5 20. e5 b5 21. b4 bxa4 22. bxa5 Qe7 23. Rfc1 a3 24. Be1 Rfc8 25. Rxc6 Rxb1 26. Rxc8+ Kh7 27. Rc2 Qb4 28. Kf2 Qb3 29. a6 Rb2 30. Rxb2 axb2 31. a7 b1Q 32. a8Q Q1xd3 33. Qxd3 Qxd3 34. Qxd5 Qe3+ 35. Kf1 Qd3+ 36. Kg1 Qd1 37. Qe4 d3 38. Bf3 Qc2 39. Bf2 Bf8 40. Qe3 d2 41. Qe2 Bc5 42. Bxc5 Qxc5+ 43. Kg2 Qd4 44. Qd1 h4 45. Qg1 Qb2 46. Bd1 hxg3 47. Qe3 Qc1 48. Qf3 Qc5 49. Qxg3 Qd4 50. Qf3 Kg7 51. h4 Qd8 52. h5 gxh5 53. Qxh5 Qd5+ 54. Qf3 Qd4 55. Qg3+ Kf8 56. Kf1 Qe4 57. Qf3 Qe1+ 58. Kg2 Qh4 59. Bb3 Qe1 60. Bd1 Qh4 61. Qg3 Qd8 62. Kf2 1-0

[Event "Oberliga Ost-A 0405"]
[Site "Germany"]
[Date "2005.04.09"]
[Round "10.3"]
[White "Sobeck, Guenter"]
[Black "Birke, Andreas"]
[Result "1/2-1/2"]
[WhiteElo "2172"]
[BlackElo "2232"]
[PlyCount "68"]
[EventDate "2004.10.10"]
[EventType "team-tourn"]
[EventRounds "11"]
[EventCountry "GER"]
[SourceTitle "EXT 2006"]
[Source "ChessBase"]
[SourceDate "2005.11.24"]
[SourceVersion "1"]
[SourceVersionDate "2005.11.24"]
[SourceQuality "1"]
[WhiteTeam "Chemnitz II"]
[BlackTeam "Liebschwitz"]
[WhiteTeamCountry "GER"]
[BlackTeamCountry "GER"]

1. e4 c5 2. Nf3 Nc6 3. b3 d5 4. exd5 Qxd5 5. Bb2 Bg4 6. Be2 Nf6 7. 0-0 0-0-0 8. d3 h5 9. a4 h4 10. Nc3 Qf5 11. h3 Bxf3 12. Bxf3 Nd4 13. Be2 e6 14. Nb5 a6 15. Nxd4 cxd4 16. Qd2 Rh6 17. Kh1 g5 18. Ba3 Bxa3 19. Rxa3 Nd5 20. b4 Qf4 21. Qxf4 gxf4 22. Rb3 Nc3 23. Bf3 Nxa4 24. b5 Nc5 25. Rb2 a5 26. b6 Rd6 27. Ra1 Nd7 28. Rxa5 Rxb6 29. Rxb6 Nxb6 30. Rb5 Kc7 31. Rc5+ Kd6 32. Rb5 Kc7 33. Rc5+ Kd6 34. Rb5 Kc7 1/2-1/2

[Event "Oberliga Ost-A 0405"]
[Site "Germany"]
[Date "2004.11.14"]
[Round "3.3"]
[White "Dietze, Frank Heinz"]
[Black "Birke, Andreas"]
[Result "1/2-1/2"]
[WhiteElo "2167"]
[BlackElo "2232"]
[PlyCount "112"]
[EventDate "2004.10.10"]
[EventType "team-tourn"]
[EventRounds "11"]
[EventCountry "GER"]
[SourceTitle "EXT 2006"]
[Source "ChessBase"]
[SourceDate "2005.11.24"]
[SourceVersion "1"]
[SourceVersionDate "2005.11.24"]
[SourceQuality "1"]
[WhiteTeam "Naumburg"]
[BlackTeam "Liebschwitz"]
[WhiteTeamCountry "GER"]
[BlackTeamCountry "GER"]

1. d4 Nf6 2. Nf3 e6 3. c4 d5 4. cxd5 exd5 5. Bg5 h6 6. Bxf6 Qxf6 7. Nc3 c6 8. Qa4 Nd7 9. e4 dxe4 10. Nxe4 Qf4 11. Bd3 Be7 12. 0-0 0-0 13. Rfe1 Nb6 14. Qa5 Nd5 15. Nc3 Be6 16. Nxd5 cxd5 17. Rad1 b6 18. Qb5 Bd6 19. Ne5 Bxe5 20. Rxe5 Kh8 21. Bb1 Rac8 22. Qd3 g6 23. g3 Qf6 24. Qe3 Kg7 25. f4 Rc4 26. Bd3 Rc7 27. Ba6 Bg4 28. Rc1 Rxc1+ 29. Qxc1 b5 30. Bxb5 Rc8 31. Qd2 Qb6 32. Bf1 Bf5 33. Rxd5 Rc2 34. Qe3 Rxb2 35. Qe5+ Qf6 36. Ra5 Rb1 37. Kf2 Rb2+ 38. Ke3 Rxh2 39. Rxa7 Qxe5+ 40. fxe5 Be6 41. a4 Rh1 42. Bg2 Re1+ 43. Kf2 Rd1 44. d5 Bxd5 45. Bxd5 Rxd5 46. e6 Rf5+ 47. Kg2 Re5 48. exf7 h5 49. a5 g5 50. Kf3 Kf8 51. a6 Ra5 52. Ke4 h4 53. gxh4 gxh4 54. Kf3 h3 55. Kg3 Ra3+ 56. Kh2 Kg7 1/2-1/2

[Event "Oberliga Ost-A 0102"]
[Site "Germany"]
[Date "2002.04.14"]
[Round "11.4"]
[White "Wagner, Christian"]
[Black "Birke, Andreas"]
[Result "1-0"]
[WhiteElo "2168"]
[BlackElo "2238"]
[PlyCount "97"]
[EventDate "2001.10.07"]
[EventType "team"]
[EventRounds "11"]
[EventCountry "GER"]
[SourceTitle "EXT 2003"]
[Source "ChessBase"]
[SourceDate "2002.11.25"]
[SourceVersion "1"]
[SourceVersionDate "2002.11.25"]
[SourceQuality "1"]
[WhiteTeam "Magdeburg USC II"]
[BlackTeam "Liebschwitz"]
[WhiteTeamCountry "GER"]
[BlackTeamCountry "GER"]

1. d4 Nf6 2. c4 e6 3. Nf3 b6 4. g3 Bb7 5. Bg2 c5 6. d5 exd5 7. Nh4 b5 8. cxd5 g6 9. 0-0 Bg7 10. Qd3 Qb6 11. e4 d6 12. Nc3 a6 13. Bf4 Nbd7 14. Rad1 0-0 15. Nf3 Rfe8 16. Rfe1 Nh5 17. Qc2 Nxf4 18. gxf4 c4 19. Re3 Nc5 20. e5 Nd3 21. Rdxd3 cxd3 22. Qxd3 Rad8 23. e6 f5 24. Ne2 Rc8 25. Nh4 Qc5 26. Nxf5 gxf5 27. Qxf5 Rf8 28. Qh5 Rf6 29. Be4 h6 30. e7 Bc6 31. Rc3 Qxc3 32. bxc3 Be8 33. Qh3 Rc7 34. Bf5 Rxe7 35. Be6+ Kh7 36. f5 Rf8 37. Qe3 Bf6 38. Qb6 Rg7+ 39. Kf1 a5 40. Qxd6 Be7 41. Qb6 b4 42. d6 Bf6 43. cxb4 axb4 44. Nd4 Rg4 45. Nc6 Bxc6 46. Qxc6 Rd4 47. Ke2 Bg7 48. Qc7 Kh8 49. Qe7 1-0

[Event "Oberliga Ost-A 0102"]
[Site "Germany"]
[Date "2002.03.17"]
[Round "9.4"]
[White "Neukirch, Detlef"]
[Black "Birke, Andreas"]
[Result "1-0"]
[WhiteElo "2295"]
[BlackElo "2238"]
[PlyCount "57"]
[EventDate "2001.10.07"]
[EventType "team"]
[EventRounds "11"]
[EventCountry "GER"]
[SourceTitle "EXT 2003"]
[Source "ChessBase"]
[SourceDate "2002.11.25"]
[SourceVersion "1"]
[SourceVersionDate "2002.11.25"]
[SourceQuality "1"]
[WhiteTeam "Halle"]
[BlackTeam "Liebschwitz"]
[WhiteTeamCountry "GER"]
[BlackTeamCountry "GER"]

1. e4 c5 2. Nc3 Nc6 3. Nge2 g6 4. d4 cxd4 5. Nxd4 Bg7 6. Be3 d6 7. Bc4 Bd7 8. Bb3 Rc8 9. 0-0 Nf6 10. h3 Na5 11. f4 Rxc3 12. bxc3 Nxe4 13. Qf3 Nxb3 14. axb3 f5 15. Rxa7 e5 16. fxe5 dxe5 17. Nxf5 Bxf5 18. g4 0-0 19. gxf5 gxf5 20. Rxb7 Qc8 21. Ra7 Rf6 22. Rfa1 Qxc3 23. Kh1 Bf8 24. Ra8 Qxc2 25. Rg1+ Rg6 26. Bh6 Nf2+ 27. Qxf2 Qc6+ 28. Qg2 Rxg2 29. Rxf8# 1-0

[Event "Oberliga Ost-A 0102"]
[Site "Germany"]
[Date "2002.02.24"]
[Round "8.4"]
[White "Spiegelberg, Olaf"]
[Black "Birke, Andreas"]
[Result "1/2-1/2"]
[WhiteElo "2057"]
[BlackElo "2238"]
[PlyCount "86"]
[EventDate "2001.10.07"]
[EventType "team"]
[EventRounds "11"]
[EventCountry "GER"]
[SourceTitle "EXT 2003"]
[Source "ChessBase"]
[SourceDate "2002.11.25"]
[SourceVersion "1"]
[SourceVersionDate "2002.11.25"]
[SourceQuality "1"]
[WhiteTeam "Dresden BSW"]
[BlackTeam "Liebschwitz"]
[WhiteTeamCountry "GER"]
[BlackTeamCountry "GER"]

1. c4 c5 2. Nc3 Nc6 3. Nf3 g6 4. e3 Bg7 5. d4 cxd4 6. exd4 d6 7. d5 Ne5 8. Nxe5 dxe5 9. h3 f5 10. Be2 Nf6 11. 0-0 0-0 12. Rb1 f4 13. f3 Nh5 14. c5 Ng3 15. Re1 Nf5 16. Bc4 Kh8 17. Ne4 Nd4 18. b4 Bf5 19. Bb2 h6 20. Bxd4 exd4 21. Qd2 g5 22. Rbd1 Bh7 23. Qe2 b5 24. Bb3 Bg8 25. d6 Bxb3 26. axb3 exd6 27. Nxd6 a5 28. Qxb5 axb4 29. Qxb4 Rb8 30. Qc4 Qa5 31. Re7 Qb4 32. Qd3 Rf6 33. Ne8 Qxb3 34. Nxg7 Qxd3 35. Rxd3 Rb1+ 36. Kf2 Ra6 37. Nf5 Ra2+ 38. Re2 Raa1 39. Re8+ Kh7 40. Re7+ Kg6 41. g4 Rh1 42. Kg2 Rhg1+ 43. Kf2 Rh1 1/2-1/2

[Event "Oberliga Ost-A 0001"]
[Site "Germany"]
[Date "2001.01.28"]
[Round "5.4"]
[White "Spiegelberg, Olaf"]
[Black "Birke, Andreas"]
[Result "0-1"]
[WhiteElo "2067"]
[BlackElo "2242"]
[PlyCount "108"]
[EventDate "2000.10.15"]
[EventType "team"]
[EventRounds "11"]
[EventCountry "GER"]
[SourceTitle "EXT 2002"]
[Source "ChessBase"]
[SourceDate "2001.11.25"]
[SourceVersion "1"]
[SourceVersionDate "2001.11.25"]
[SourceQuality "1"]
[WhiteTeam "Dresden BSW"]
[BlackTeam "Liebschwitz"]
[WhiteTeamCountry "GER"]
[BlackTeamCountry "GER"]

1. c4 c5 2. Nc3 Nc6 3. g3 g6 4. Bg2 Bg7 5. e3 d6 6. Nge2 h5 7. h3 Nh6 8. Nf4 Bd7 9. d3 Rb8 10. Bd2 a6 11. a4 Nf5 12. Rb1 Nb4 13. Qe2 Bc6 14. 0-0 e6 15. Bxc6+ bxc6 16. Ne4 e5 17. Ng2 Qe7 18. Rfc1 0-0 19. Ne1 Rfc8 20. Nc2 Na2 21. Re1 d5 22. Nc3 Nb4 23. Rec1 e4 24. dxe4 dxe4 25. Ne1 Rd8 26. Rd1 Nd6 27. a5 Qe6 28. Kh2 Nxc4 29. Na4 Nd3 30. Nxd3 exd3 31. Qf3 Ne5 32. Qg2 Bf8 33. Rdc1 Nc4 34. Bc3 Rb5 35. Qf3 Nxa5 36. Qf4 Nb3 37. Rd1 c4 38. e4 Bg7 39. Bxg7 Kxg7 40. Nc3 Qe5 41. Nxb5 Qxf4 42. gxf4 cxb5 43. Kg2 d2 44. f3 b4 45. Kf2 a5 46. Ke2 a4 47. Ra1 Nxa1 48. Rxa1 d1Q+ 49. Rxd1 Rxd1 50. Kxd1 a3 51. bxa3 bxa3 52. Kc2 Kf6 53. h4 Ke6 54. Kb1 c3 0-1

[Event "Oberliga Ost-A 0001"]
[Site "Germany"]
[Date "2000.11.11"]
[Round "2.4"]
[White "Liebert, Heinz"]
[Black "Birke, Andreas"]
[Result "0-1"]
[WhiteElo "2316"]
[BlackElo "2242"]
[PlyCount "108"]
[EventDate "2000.10.15"]
[EventType "team"]
[EventRounds "11"]
[EventCountry "GER"]
[SourceTitle "EXT 2002"]
[Source "ChessBase"]
[SourceDate "2001.11.25"]
[SourceVersion "1"]
[SourceVersionDate "2001.11.25"]
[SourceQuality "1"]
[WhiteTeam "Halle USV"]
[BlackTeam "Liebschwitz"]
[WhiteTeamCountry "GER"]
[BlackTeamCountry "GER"]

1. Nf3 c5 2. g3 g6 3. Bg2 Bg7 4. 0-0 Nc6 5. c4 d6 6. Nc3 Bg4 7. h3 Bxf3 8. Bxf3 Qd7 9. Bg2 h5 10. f4 Nh6 11. e3 Nf5 12. Ne4 e6 13. Kh2 b6 14. Rb1 Rc8 15. b3 d5 16. cxd5 exd5 17. Ng5 0-0 18. Bb2 d4 19. e4 Nh6 20. d3 b5 21. Qd2 Nb4 22. Ba1 Qc7 23. a3 Nxd3 24. Qxd3 c4 25. bxc4 bxc4 26. Qd2 Rfd8 27. Rfc1 h4 28. Bf1 hxg3+ 29. Kxg3 c3 30. Qd3 Qd6 31. Nf3 Qxa3 32. Qa6 Qc5 33. Bd3 Rb8 34. Qa2 a5 35. Bb2 Bf8 36. Ba1 Kg7 37. Qf2 Rb4 38. Qa2 f6 39. e5 fxe5 40. fxe5 Qc6 41. Qf2 Be7 42. Re1 Rf8 43. Re4 Nf5+ 44. Kg2 Nh4+ 45. Rxh4 Bxh4 46. Qe2 Rxb1 47. Bxb1 c2 48. Bxc2 Rxf3 49. Qxf3 Qxc2+ 50. Kg1 Qc1+ 51. Qf1 Qe3+ 52. Kg2 Qxe5 53. Qd3 Bf6 54. Bb2 Qg5+ 0-1

[Event "Oberliga Ost-A 9900"]
[Site "Germany"]
[Date "2000.03.12"]
[Round "9.3"]
[White "Birke, Andreas"]
[Black "Poenisch, Egmont"]
[Result "1-0"]
[WhiteElo "2232"]
[BlackElo "2162"]
[PlyCount "57"]
[EventDate "1999.10.??"]
[EventType "team"]
[EventRounds "11"]
[EventCountry "GER"]
[SourceTitle "EXT 2002"]
[Source "ChessBase"]
[SourceDate "2001.11.25"]
[SourceVersion "1"]
[SourceVersionDate "2001.11.25"]
[SourceQuality "1"]

1. e4 g6 2. d4 Bg7 3. Nc3 d6 4. Be3 Nd7 5. h4 h5 6. Nh3 e5 7. Ng5 Nh6 8. f3 c6 9. Qd2 Qe7 10. 0-0-0 Nf8 11. d5 c5 12. Bxc5 f6 13. Nb5 fxg5 14. Nxd6+ Kd8 15. hxg5 Qc7 16. Ba3 Nf7 17. Nb5 Qd7 18. g3 b6 19. d6 Ne6 20. Bc4 Nfxg5 21. Nc7 Bb7 22. Bd5 Bh6 23. f4 Nxe4 24. Qd3 N4c5 25. Bxc5 Nxc5 26. Qxg6 Bxd5 27. Qf6+ Kc8 28. Qxh8+ Kb7 29. Qxa8# 1-0

[Event "Oberliga Ost-A 9900"]
[Site "Germany"]
[Date "2000.01.30"]
[Round "7.4"]
[White "Birke, Andreas"]
[Black "Wichmann, Cliff"]
[Result "0-1"]
[WhiteElo "2232"]
[BlackElo "2249"]
[PlyCount "80"]
[EventDate "1999.10.??"]
[EventType "team"]
[EventRounds "11"]
[EventCountry "GER"]
[SourceTitle "EXT 2002"]
[Source "ChessBase"]
[SourceDate "2001.11.25"]
[SourceVersion "1"]
[SourceVersionDate "2001.11.25"]
[SourceQuality "1"]

1. e4 e6 2. d4 d5 3. Nc3 Nf6 4. Bg5 Bb4 5. e5 h6 6. Bd2 Bxc3 7. bxc3 Ne4 8. Bd3 Nxd2 9. Qxd2 c5 10. f4 Qa5 11. Nf3 Nc6 12. c4 Qxd2+ 13. Kxd2 dxc4 14. Bxc4 Nxd4 15. Nxd4 cxd4 16. Kd3 b6 17. a4 Bb7 18. a5 bxa5 19. Rxa5 0-0 20. Rg1 Rfc8 21. g4 Be4+ 22. Kxd4 Bxc2 23. f5 Rd8+ 24. Kc3 Rac8 25. fxe6 fxe6 26. Rxa7 Bd3 27. Ra4 Bxc4 28. Rxc4 Rxc4+ 29. Kxc4 Rd5 30. g5 h5 31. Re1 Kf7 32. h4 Kg6 33. Kc3 Rd7 34. Rf1 Rd5 35. Re1 Ra5 36. Kb3 Ra7 37. Rf1 Rf7 38. Rxf7 Kxf7 39. Kc4 Kg6 40. Kc5 Kf5 0-1

[Event "Oberliga Ost-A 9900"]
[Site "Germany"]
[Date "2000.01.09"]
[Round "5.4"]
[White "Goldenberg, Michael"]
[Black "Birke, Andreas"]
[Result "1-0"]
[WhiteElo "2171"]
[BlackElo "2232"]
[PlyCount "101"]
[EventDate "1999.10.??"]
[EventType "team"]
[EventRounds "11"]
[EventCountry "GER"]
[SourceTitle "EXT 2002"]
[Source "ChessBase"]
[SourceDate "2001.11.25"]
[SourceVersion "1"]
[SourceVersionDate "2001.11.25"]
[SourceQuality "1"]

1. e4 c5 2. Nf3 Nc6 3. d4 cxd4 4. Nxd4 Nf6 5. Nxc6 bxc6 6. Bd3 d5 7. e5 Ng4 8. Qe2 g6 9. h3 Nh6 10. g4 Bg7 11. Bf4 Qb6 12. b3 Qd4 13. Qe3 Qxa1 14. 0-0 Ng8 15. Qc5 Bd7 16. Nc3 Qxf1+ 17. Kxf1 g5 18. Bxg5 Bxe5 19. Nxd5 f6 20. Ne3 h5 21. Bg6+ Kf8 22. Qc4 Be8 23. Bxe8 Rxe8 24. Bf4 Bb2 25. Nf5 hxg4 26. hxg4 Rd8 27. Qxc6 Rd1+ 28. Ke2 Rhh1 29. Bd2 Rdg1 30. Qf3 Be5 31. g5 Rh2 32. Ne3 Rh4 33. Qa8+ Kf7 34. Qd5+ Kf8 35. Qa8+ Kf7 36. Qf3 Kf8 37. Nc4 Bd4 38. c3 Bc5 39. Qd5 Bb6 40. Nxb6 axb6 41. Qd8+ Kf7 42. Qxb6 Re4+ 43. Kd3 Re6 44. Qc5 Rd6+ 45. Kc2 fxg5 46. Bxg5 Nf6 47. Be3 Ng4 48. Bd4 Rh6 49. b4 Rh2 50. Kb3 Rgg2 51. b5 1-0

[Event "Oberliga Ost-A 9900"]
[Site "Germany"]
[Date "1999.11.07"]
[Round "3.4"]
[White "Birke, Andreas"]
[Black "Wernert, Wilfrid"]
[Result "0-1"]
[WhiteElo "2232"]
[BlackElo "2293"]
[PlyCount "80"]
[EventDate "1999.10.??"]
[EventType "team"]
[EventRounds "11"]
[EventCountry "GER"]
[SourceTitle "EXT 2002"]
[Source "ChessBase"]
[SourceDate "2001.11.25"]
[SourceVersion "1"]
[SourceVersionDate "2001.11.25"]
[SourceQuality "1"]

1. e4 e5 2. Nf3 Nc6 3. Bc4 Bc5 4. c3 Nf6 5. d3 d6 6. b4 Bb6 7. a4 a5 8. b5 Ne7 9. h3 0-0 10. 0-0 Ng6 11. Re1 h6 12. Na3 c6 13. Bb3 Re8 14. Nc4 Bc7 15. Be3 d5 16. b6 Bb8 17. exd5 cxd5 18. Na3 Bd7 19. Qc1 Bc6 20. d4 e4 21. Nd2 Qxb6 22. c4 Qc7 23. Nf1 Qd7 24. Nb5 dxc4 25. Bxc4 Nd5 26. Ra2 Nh4 27. Bxh6 gxh6 28. Qxh6 Nf5 29. Qg5+ Ng7 30. Ra3 Bf4 31. Qh4 Qe7 32. Qg4 Bd7 33. Qd1 Bxb5 34. Bxd5 Qxa3 35. axb5 Re7 36. g3 Bh6 37. Qg4 Rae8 38. Qh4 Qd6 39. Bxe4 f5 40. Bd5+ Kh7 0-1

[Event "Oberliga Ost-A 9900"]
[Site "Germany"]
[Date "1999.10.10"]
[Round "1.4"]
[White "Birke, Andreas"]
[Black "Zipfel, Frank"]
[Result "1-0"]
[WhiteElo "2232"]
[BlackElo "2238"]
[PlyCount "57"]
[EventDate "1999.10.??"]
[EventType "team"]
[EventRounds "11"]
[EventCountry "GER"]
[SourceTitle "EXT 2002"]
[Source "ChessBase"]
[SourceDate "2001.11.25"]
[SourceVersion "1"]
[SourceVersionDate "2001.11.25"]
[SourceQuality "1"]

1. e4 c5 2. Nf3 e6 3. d4 cxd4 4. Nxd4 Nf6 5. Nc3 Nc6 6. Be2 Be7 7. 0-0 0-0 8. Kh1 d5 9. exd5 Nxd5 10. Nxc6 bxc6 11. Na4 Qa5 12. c4 Nb6 13. Nc3 Ba6 14. Qd4 Rad8 15. Qe4 Bf6 16. Be3 Qb4 17. Rab1 Rd7 18. Rfc1 Rfd8 19. Qg4 g6 20. Ne4 Bh8 21. Nc5 Bc8 22. a3 Qa5 23. Nxd7 Rxd7 24. Bf3 f5 25. Qh4 Bb7 26. Rd1 Bxb2 27. Bxb6 Rxd1+ 28. Rxd1 Qxb6 29. Qe7 1-0

[Event "Oberliga Ost A 9798"]
[Site "Germany"]
[Date "1998.??.??"]
[Round "?.1"]
[White "Birke, Andreas"]
[Black "Spiess, Gunter"]
[Result "0-1"]
[WhiteElo "2215"]
[BlackElo "2400"]
[PlyCount "96"]
[EventDate "1997.09.??"]
[EventType "team"]
[EventRounds "11"]
[EventCountry "GER"]
[SourceTitle "EXT 1999"]
[Source "ChessBase"]
[SourceDate "1998.11.16"]
[SourceVersion "1"]
[SourceVersionDate "1998.11.16"]
[SourceQuality "1"]

1. e4 e6 2. d4 d5 3. Nc3 Bb4 4. e5 b6 5. a3 Bf8 6. h4 Ne7 7. h5 h6 8. g4 c5 9. Nb5 Nec6 10. Nf3 a6 11. Nc3 cxd4 12. Ne2 Qc7 13. Bf4 Nd7 14. Qd2 Ndxe5 15. Nxe5 Nxe5 16. 0-0-0 Bd6 17. Bxe5 Bxe5 18. f4 Bd6 19. Qxd4 f6 20. Bg2 0-0 21. f5 Rd8 22. Kb1 Kh8 23. Rhf1 Be5 24. Qd3 exf5 25. gxf5 Bb7 26. Nd4 Bxd4 27. Qxd4 Rac8 28. Rd2 Re8 29. Bxd5 Rcd8 30. c4 Re5 31. Qg4 Bxd5 32. cxd5 Rexd5 33. Rxd5 Rxd5 34. Re1 Qd7 35. Rf1 Rd2 36. Rg1 Rf2 37. Ka1 Rc2 38. Re1 Rf2 39. Rg1 Rc2 40. Qe4 Qc6 41. Qe3 Qb5 42. Qd4 Qc5 43. Qd1 b5 44. Qe1 Qe5 45. Qb4 Qc5 46. Qe1 Qe5 47. Qb4 Kh7 48. Rf1 Rh2 0-1

[Event "Oberliga Ost-A 9899"]
[Site "Germany"]
[Date "1998.??.??"]
[Round "?"]
[White "Ludwig, Kristin"]
[Black "Birke, Andreas"]
[Result "0-1"]
[WhiteElo "2045"]
[BlackElo "2205"]
[PlyCount "48"]
[EventDate "1998.10.??"]
[EventType "team"]
[EventRounds "11"]
[EventCountry "GER"]
[SourceTitle "EXT 2000"]
[Source "ChessBase"]
[SourceDate "1999.11.16"]
[SourceVersion "1"]
[SourceVersionDate "1999.11.16"]
[SourceQuality "1"]

1. e4 c5 2. Nf3 Nc6 3. d4 cxd4 4. Nxd4 d6 5. c4 g6 6. Nc3 Bg7 7. Be3 Nf6 8. Be2 Bd7 9. 0-0 Rc8 10. f3 h5 11. Rc1 Ne5 12. b3 h4 13. Qd2 Nc6 14. Nxc6 bxc6 15. c5 dxc5 16. Na4 0-0 17. Nxc5 Qc7 18. Ba6 Rcd8 19. Qf2 h3 20. Nxd7 Nxd7 21. gxh3 Qa5 22. Qe2 Nb8 23. Bc4 Bd4 24. Rc2 Qg5+ 0-1

[Event "Oberliga Ost A 9798"]
[Site "Germany"]
[Date "1997.??.??"]
[Round "?.2"]
[White "Kregelin, Jan"]
[Black "Birke, Andreas"]
[Result "1/2-1/2"]
[WhiteElo "2220"]
[BlackElo "2215"]
[PlyCount "129"]
[EventDate "1997.09.??"]
[EventType "team"]
[EventRounds "11"]
[EventCountry "GER"]
[SourceTitle "EXT 1999"]
[Source "ChessBase"]
[SourceDate "1998.11.16"]
[SourceVersion "1"]
[SourceVersionDate "1998.11.16"]
[SourceQuality "1"]

1. d4 Nf6 2. c4 e6 3. Nf3 b6 4. g3 Bb7 5. Bg2 Be7 6. Nc3 0-0 7. 0-0 d5 8. cxd5 Nxd5 9. Nxd5 Bxd5 10. Qc2 f5 11. Bf4 Nc6 12. Rfd1 Rc8 13. Ne5 Nb4 14. Qa4 Bxg2 15. Kxg2 Qd5+ 16. f3 b5 17. Qa5 Qb7 18. Rac1 c6 19. Nd3 Nd5 20. Nc5 Bxc5 21. Rxc5 Rfd8 22. Qd2 h6 23. Be5 Ne7 24. Rdc1 Rd5 25. Qc3 Rcd8 26. Rxd5 cxd5 27. Qa5 Rd7 28. Rc5 a6 29. Qc3 Kf7 30. Qc1 Ng6 31. f4 Ne7 32. Qc3 Ng8 33. Kf2 Nf6 34. Bxf6 Kxf6 35. Qe3 Qb6 36. Qc3 Qb7 37. Kg2 g5 38. Qe3 Qb8 39. Rc6 Re7 40. fxg5+ hxg5 41. Rxa6 f4 42. Qf3 Qc8 43. Rb6 Qc7 44. Rxb5 Qc4 45. Rb3 Qxd4 46. Qc3 Ke5 47. a4 Qxc3 48. Rxc3 Rb7 49. b3 Kd4 50. Rd3+ Ke4 51. h4 gxh4 52. gxh4 e5 53. h5 d4 54. h6 Kf5 55. Rh3 Rh7 56. a5 e4 57. a6 Kg4 58. Rh1 f3+ 59. exf3+ exf3+ 60. Kf2 Rc7 61. Rg1+ Kf4 62. Rg7 Rc2+ 63. Kg1 d3 64. Rf7+ Kg4 65. Rg7+ 1/2-1/2